Introduction to Statistics. (Record no. 2905)

MARC details
000 -LEADER
fixed length control field 00641nam a2200229 a 4500
003 - CONTROL NUMBER IDENTIFIER
control field PK-NaQUE
005 - DATE AND TIME OF LATEST TRANSACTION
control field 20250604091149.0
008 - FIXED-LENGTH DATA ELEMENTS--GENERAL INFORMATION
fixed length control field 250604b ||||| |||| 00| 0 eng d
020 ## - INTERNATIONAL STANDARD BOOK NUMBER
International Standard Book Number 0029776503 (paperback)
020 ## - INTERNATIONAL STANDARD BOOK NUMBER
International Standard Book Number 9780029776506 (paperback)
040 ## - CATALOGING SOURCE
Transcribing agency QUEST
082 ## - DEWEY DECIMAL CLASSIFICATION NUMBER
Classification number 519.5WAL
100 ## - MAIN ENTRY--PERSONAL NAME
Personal name Walpole, Ronald E.
245 00 - TITLE STATEMENT
Title Introduction to Statistics.
250 ## - EDITION STATEMENT
Edition statement 3rd ed.
260 ## - PUBLICATION, DISTRIBUTION, ETC. (IMPRINT)
Place of publication, distribution, etc New York
Name of publisher, distributor, etc Macmillan Publishing Co, Inc
Date of publication, distribution, etc 1982
300 ## - PHYSICAL DESCRIPTION
Extent XV,520P
650 ## - SUBJECT ADDED ENTRY--TOPICAL TERM
Topical term or geographic name as entry element Statistics
650 ## - SUBJECT ADDED ENTRY--TOPICAL TERM
Topical term or geographic name as entry element Mathematical statistics
856 40 - ELECTRONIC LOCATION AND ACCESS
Uniform Resource Identifier <a href="http://10.10.170.122:8080/browse/book/27505">http://10.10.170.122:8080/browse/book/27505</a>
Link text Download eBook
942 ## - ADDED ENTRY ELEMENTS (KOHA)
Koha item type Books
Source of classification or shelving scheme Dewey Decimal Classification
Holdings
Withdrawn status Lost status Damaged status Not for loan Home library Current library Date acquired Cost, normal purchase price Total Checkouts Barcode Date last seen Date checked out Price effective from Koha item type Collection code Full call number
        Central Library, QUEST, Nawabshah Central Library, QUEST, Nawabshah 14/05/2014 175.00 1 7232 28/10/2019 22/10/2019 14/05/2014 Books    
        Central Library, QUEST, Nawabshah Central Library, QUEST, Nawabshah 14/05/2014 175.00   7233 14/05/2014   14/05/2014 Books    
        Central Library, QUEST, Nawabshah Central Library, QUEST, Nawabshah 14/05/2014 175.00   7235 14/05/2014   14/05/2014 Books    
        Central Library, QUEST, Nawabshah Central Library, QUEST, Nawabshah 14/05/2014 175.00 3 7236 10/10/2018 12/09/2018 14/05/2014 Books    
        Central Library, QUEST, Nawabshah Central Library, QUEST, Nawabshah 14/05/2014 175.00   7237 14/05/2014   14/05/2014 Books    
        Central Library, QUEST, Nawabshah Central Library, QUEST, Nawabshah 14/05/2014 175.00   7238 14/05/2014   14/05/2014 Books    
        Central Library, QUEST, Nawabshah Central Library, QUEST, Nawabshah 14/05/2014 175.00   7239 14/05/2014   14/05/2014 Books    
        Central Library, QUEST, Nawabshah Central Library, QUEST, Nawabshah 14/05/2014 175.00 2 7242 23/01/2020 22/10/2019 14/05/2014 Books    
        Central Library, QUEST, Nawabshah Central Library, QUEST, Nawabshah 14/05/2014 175.00   7243 14/05/2014   14/05/2014 Books    
        Central Library, QUEST, Nawabshah Central Library, QUEST, Nawabshah 14/05/2014 175.00 1 7244 31/07/2017 17/05/2017 14/05/2014 Books    
        Reference Section Reference Section 14/05/2014 175.00   7234 14/05/2014     Books Reference 519.5WAL (Shelf - 31B)
        Reference Section Reference Section 14/05/2014 175.00   7241 14/05/2014     Books Reference 519.5WAL (Shelf - 31B)
        Seminar Library, Mathematics & Statis. Seminar Library, Mathematics & Statis. 14/05/2014 175.00   7240 14/05/2014     Books